01454nam a2200385Ia 4500001001200000003000800012006001900020007001500039008004100054010001700095020002500112020002500137040002100162035002100183050002500204100001900229245007500248250005700323260004200380300001100422490004000433504006600473533015200539650001600691650004300707650003000750650002300780655002900803700001700832700001800849710001700867830004100884856012600925999001701051ebr10256756CaPaEBRm u cr cn|||||||||070319s2007 cau sb 001 0 eng d z 2007923071 z9781412923989 (hbk.) z9781412923996 (pbk.) aCaPaEBRcCaPaEBR a(OCoLC)31381228214aBF636.6b.D35 2007eb1 aDaines, Brian.10aMedical and psychiatric issues for counsellorsh[electronic resource]. a2nd ed. /bBrian Daines, Linda Gask and Amanda Howe. aLos Angeles ;aLondon :bSAGE,c2007. a138 p.1 aProfessional skills for counsellors aIncludes bibliographical references (p. [128]-134) and index. aElectronic reproduction.bPalo Alto, Calif. :cebrary,d2011.nAvailable via World Wide Web.nAccess may be limited to ebrary affiliated libraries. 0aCounseling. 0aCounselingxMoral and ethical aspects. 0aMental health counseling. 0aHealth counseling. 7aElectronic books.2local1 aGask, Linda.1 aHowe, Amanda.2 aebrary, Inc. 0aProfessional skills for counsellors.40uhttp://site.ebrary.com/lib/rucke/Doc?id=10256756zAn electronic book accessible through the World Wide Web; click to view c13380d13380